[Event "BAN-chT SAIF POWERTEC 2020"]
[Site "Dhaka"]
[Date "2021.03.20"]
[Round "2.9"]
[White "Chowdhury, Sohel"]
[Black "Erigaisi Arjun"]
[Result "0-1"]
[WhiteElo "2149"]
[BlackElo "2559"]
[Annotator "ChessBase"]
[PlyCount "53"]
[EventDate "2021.03.19"]
[EventType "team-tourn"]
[EventCountry "BAN"]
[SourceTitle "playchess.com"]
[Source "ChessBase"]
[SourceQuality "1"]
[WhiteTeam "Bangladesh"]
[BlackTeam "India"]
[WhiteTeamCountry "BAN"]
[BlackTeamCountry "IND"]
[TimeControl "5400+30"]

1. e4 {[%emt 0:00:00]} e5 {[%emt 0:00:00]} 2. Nf3 {[%emt 0:00:00]} Nc6 {[%emt 0:00:00]} 3. Bb5 {[%emt 0:00:06]} f5 {[%emt 0:00:00]} 4. d3 {[%emt 0:08:59]} fxe4 {[%emt 0:00:10]} 5. dxe4 {[%emt 0:00:02]} Nf6 {[%emt 0:00:08]} 6. O-O {[%emt 0:00:27]} d6 {[%emt 0:00:13]} 7. Re1 {[%emt 0:03:58]} Bg4 {[%emt 0:04:47]} 8. c3 {[%emt 0:01:10]} Be7 {[%emt 0:01:33]} 9. Bc4 {[%emt 0:04:41]} Qd7 {[%emt 0:05:51]} 10. Bg5 {[%emt 0:09:48]} O-O-O {[%emt 0:05:30]} 11. Nbd2 {[%emt 0:01:16]} Rdf8 {[%emt 0:08:05]} 12. b4 {[%emt 0:03:54]} Nh5 {[%emt 0:08:03]} 13. Be3 {[%emt 0:05:50]} Nf4 {[%emt 0:05:25]} 14. Bf1 {[%emt 0:06:24]} Rf6 {[%emt 0:11:34]} 15. Qa4 {[%emt 0:04:06]} Rhf8 {[%emt 0:05:33]} 16. b5 {[%emt 0:02:51]} Nb8 {[%emt 0:00:47]} 17. Qxa7 {[%emt 0:08:32]} Nxg2 {[%emt 0:02:18]} 18. Bxg2 {[%emt 0:00:29]} Bh3 {[%emt 0:13:44]} 19. Ng5 {[%emt 0:19:34]} Rg6 {[%emt 0:02:08]} 20. Nf1 {[%emt 0:06:53]} Bxg5 {[%emt 0:01:13]} 21. Bxg5 {[%emt 0:01:53]} Rxg5 {[%emt 0:00:10]} 22. Ng3 {[%emt 0:00:17]} h5 {[%emt 0:01:23]} 23. Qe3 {[%emt 0:03:35]} Rg6 {[%emt 0:00:53]} 24. Qe2 {[%emt 0:05:45]} h4 {[%emt 0:00:44]} 25. Qh5 {[%emt 0:00:58]} Rh6 {[%emt 0:00:26]} 26. Qg5 {[%emt 0:00:55]} hxg3 {[%emt 0:00:19]} 27. Kf1 {[%emt 0:01:07]} 0-1

[Event "BAN-chT SAIF POWERTEC 2020"]
[Site "Dhaka"]
[Date "2021.03.20"]
[Round "2.10"]
[White "Dhulipalla Bala Chandra Prasad"]
[Black "Puranik, Abhimanyu"]
[Result "0-1"]
[WhiteElo "2441"]
[BlackElo "2584"]
[Annotator "TA"]
[PlyCount "100"]
[EventDate "2021.03.19"]
[EventType "team-tourn"]
[EventCountry "BAN"]
[SourceTitle "playchess.com"]
[Source "ChessBase"]
[SourceQuality "1"]
[WhiteTeam "India"]
[BlackTeam "India"]
[WhiteTeamCountry "IND"]
[BlackTeamCountry "IND"]

{[%evp 17,100,17,12,0,0,0,0,0,0,0,-14,-18,22,0,0,7,0,0,14,-15,0,-11,0,0,-7,-24,-16,-45,-44,-48,-41,-125,-116,-124,-127,-129,-120,-137,-116,-131,-115,-106,-99,-144,-84,-181,-181,-170,-97,-93,-75,-75,-76,-78,-80,-80,-83,-82,-83,-83,-83,-239,-245,-239,-216,-394,-391,-412,-366,-856,-662,-606,-468,-655,-410,-1020,-970,-2104,-2234,-2434,-2401,-29983,-29984,-29982,-29983]} 1. d4 Nf6 2. c4 g6 3. g3 c6 4. Bg2 d5 5. Qa4 dxc4 6. Qxc4 Bg7 7. Nf3 O-O 8. O-O Bf5 9. Nc3 Nbd7 {[%cal Bb8d7,Bd7b6,Bb6d5][%mdl 32]} 10. h3 {D78: Fianchetto Grünfeld: 6 0-0 c6.} a5 11. Qb3 Nb6 12. a4 {The position is equal.} Be6 13. Qd1 {[#]} Qc8 $146 ({Predecessor:} 13... Bc4 14. Re1 Nbd5 15. Ne5 Ba6 16. Nd3 Nd7 17. e4 N5b6 18. d5 Nc4 19. dxc6 bxc6 {0-1 (33) Sunilduth Lyna,N (2593)-Chigaev,M (2613) Moscow 2019}) 14. Kh2 Nbd5 15. Ng5 Rd8 16. Nxe6 Qxe6 17. e3 h5 18. Nxd5 Nxd5 19. Qb3 Qd6 20. Rd1 h4 21. e4 {[#]} Qb4 $1 22. Qc2 (22. Ra3 Nc7) 22... hxg3+ 23. fxg3 Nb6 24. e5 (24. Bd2 $15 Qc4 25. Qxc4 Nxc4 26. Bc3) 24... Rxd4 $17 25. Rxd4 Qxd4 26. e6 {Black should prevent exf7+.} f5 27. Ra3 Rd8 28. Be3 Qc4 {[%cal Rc4c2]} 29. Qb3 Bd4 30. Bg5 Qc5 ({Better is} 30... Kg7 31. Qxc4 Nxc4) 31. Qd1 (31. Ra1 $17 {was called for.}) 31... Nc4 $1 $19 {[%cal Rc4a3]} 32. Rb3 b6 ({Black should try} 32... b5 $1 $19 33. Qc2 Qe5) 33. Rc3 $17 {b3 would now be nice for White.} Rd6 $36 {[%mdl 2048] Keeping White busy.} 34. Bxe7 Bxc3 {[%mdl 64] Discovered Attack} 35. Bxd6 Qxd6 36. Qxd6 Nxd6 37. bxc3 {[%mdl 4096] Endgame [#] KB-KN} c5 $1 38. Bd5 Kg7 39. Kg2 $2 {[#] This costs White the game.} (39. c4 $17) 39... b5 $1 $19 {[%cal Rb5a4]} 40. axb5 Nxb5 {Hoping for ...Kf8.} 41. e7 (41. Bc6 Nd6 42. e7) 41... Nd6 42. Kf3 Kf6 43. Kf4 $2 (43. Bb3 Kxe7 44. g4) 43... g5+ 44. Ke3 Kxe7 45. h4 Kf6 46. Bb3 (46. Bc6 $142 Nc4+ 47. Ke2) 46... Ne4 47. Kd3 g4 48. Bd5 Nxg3 49. Kc4 Ne4 50. h5 g3 {Weighted Error Value: White=0.77/Black=0.16} 0-1

[Event "BAN-chT SAIF POWERTEC 2020"]
[Site "Dhaka"]
[Date "2021.03.20"]
[Round "2.11"]
[White "Abu Sufian, Shakil"]
[Black "Zia, Tahsin Tajwar"]
[Result "1/2-1/2"]
[WhiteElo "2244"]
[BlackElo "2092"]
[Annotator "NA"]
[PlyCount "73"]
[EventDate "2021.03.19"]
[EventType "team-tourn"]
[EventCountry "BAN"]
[SourceTitle "playchess.com"]
[Source "ChessBase"]
[SourceQuality "1"]
[WhiteTeam "Bangladesh"]
[BlackTeam "Bangladesh"]
[WhiteTeamCountry "BAN"]
[BlackTeamCountry "BAN"]
[TimeControl "5400+30"]

1. e4 {[%emt 1:30:30]} e6 {[%emt 1:30:30]} 2. d4 {[%emt 0:00:30]} d5 {[%emt 0:00:30]} 3. Nc3 {[%emt 0:00:30]} Bb4 {[%emt 0:00:30]} 4. e5 {[%emt 0:00:30]} c5 {[%emt 0:00:30]} 5. a3 {[%emt 0:00:30]} Bxc3+ {[%emt 0:00:30]} 6. bxc3 {[%emt 0:00:30]} Qa5 {[%emt 0:00:30]} 7. Bd2 {[%emt 0:00:30]} Qa4 {[%emt 0:00:30]} 8. Qg4 {[%emt 0:00:30]} Kf8 {[%emt 0:00:30]} 9. Qd1 {[%emt 0:00:30]} Ne7 {[%emt 0:00:30]} 10. Nf3 {[%emt 0:00:30]} b6 {[%emt 0:00:30]} 11. Be3 {[%emt 0:00:30]} Ba6 {[%emt 0:00:30]} 12. dxc5 {[%emt 0:00:30]} Bxf1 {[%emt 0:00:30]} 13. Rxf1 {[%emt 0:00:30]} Nd7 {[%emt 0:00:30]} 14. cxb6 {[%emt 0:00:30]} axb6 {[%emt 0:00:30]} 15. Bd4 {[%emt 0:00:30]} Nc6 {[%emt 0:00:30]} 16. Qb1 {[%emt 0:00:30]} Ke7 {[%emt 0:00:30]} 17. Kd2 {[%emt 0:00:30]} Na5 {[%emt 0:00:30]} 18. Qb4+ {[%emt 0:00:30]} Qxb4 {[%emt 0:00:30]} 19. axb4 {[%emt 0:00:30]} Nc4+ {[%emt 0:00:30]} 20. Ke2 {[%emt 0:00:30]} f6 {[%emt 0:00:30]} 21. exf6+ {[%emt 0:00:30]} gxf6 {[%emt 0:00:30]} 22. Nd2 {[%emt 0:00:30]} Nd6 {[%emt 0:00:30]} 23. f4 {[%emt 0:00:30]} h5 {[%emt 0:00:30]} 24. Rxa8 {[%emt 0:00:30]} Rxa8 {[%emt 0:00:30]} 25. Rf3 {[%emt 0:00:30]} Ra3 {[%emt 0:00:30]} 26. Rh3 {[%emt 0:00:30]} e5 {[%emt 0:00:30]} 27. fxe5 {[%emt 0:00:30]} fxe5 {[%emt 0:00:30]} 28. Bf2 {[%emt 0:00:30]} Nb5 {[%emt 0:00:30]} 29. Nb3 {[%emt 0:00:30]} Ra2 {[%emt 0:00:30]} 30. Kd1 {[%emt 0:00:30]} Na3 {[%emt 0:00:30]} 31. Be3 {[%emt 0:00:30]} Nxc2 {[%emt 0:00:30]} 32. Bc1 {[%emt 0:00:30]} Nf6 {[%emt 0:00:30]} 33. Bg5 {[%emt 0:00:30]} Ke6 {[%emt 0:00:30]} 34. Nc1 {[%emt 0:00:30]} Rb2 {[%emt 0:00:30]} 35. Nd3 {[%emt 0:00:30]} Ra2 {[%emt 0:00:30]} 36. Nc1 {[%emt 0:00:30]} Rb2 {[%emt 0:00:30]} 37. Nd3 {[%emt 0:00:30]} 1/2-1/2

[Event "BAN-chT SAIF POWERTEC 2020"]
[Site "Dhaka"]
[Date "2021.03.20"]
[Round "2.12"]
[White "Mitrabha, Guha"]
[Black "Mohammad Minhaz Uddin"]
[Result "1-0"]
[WhiteElo "2445"]
[BlackElo "2295"]
[Annotator "NA"]
[PlyCount "79"]
[EventDate "2021.03.19"]
[EventType "team-tourn"]
[EventCountry "BAN"]
[SourceTitle "playchess.com"]
[Source "ChessBase"]
[SourceQuality "1"]
[WhiteTeam "India"]
[BlackTeam "Bangladesh"]
[WhiteTeamCountry "IND"]
[BlackTeamCountry "BAN"]
[TimeControl "5400+30"]

1. d4 {[%emt 1:30:30]} Nf6 {[%emt 1:30:30]} 2. Bg5 {[%emt 0:00:30]} e6 {[%emt 0:00:30]} 3. Nd2 {[%emt 0:00:30]} c5 {[%emt 0:00:30]} 4. e3 {[%emt 0:00:30]} d5 {[%emt 0:00:30]} 5. c3 {[%emt 0:00:30]} Nc6 {[%emt 0:00:30]} 6. f4 {[%emt 0:00:30]} h6 {[%emt 0:00:30]} 7. Bh4 {[%emt 0:00:30]} Bd6 {[%emt 0:00:30]} 8. Ngf3 {[%emt 0:00:30]} b6 {[%emt 0:00:30]} 9. Bb5 {[%emt 0:00:30]} Bb7 {[%emt 0:00:30]} 10. Ne5 {[%emt 0:00:30]} Qc7 {[%emt 0:00:30]} 11. Qa4 {[%emt 0:00:30]} Bxe5 {[%emt 0:00:30]} 12. fxe5 {[%emt 0:00:30]} Ne4 {[%emt 0:00:30]} 13. Qd1 {[%emt 0:00:30]} g5 {[%emt 0:00:30]} 14. Bg3 {[%emt 0:00:30]} O-O-O {[%emt 0:00:30]} 15. O-O {[%emt 0:00:30]} h5 {[%emt 0:00:30]} 16. Be1 {[%emt 0:00:30]} Rdf8 {[%emt 0:00:30]} 17. Nxe4 {[%emt 0:00:30]} dxe4 {[%emt 0:00:30]} 18. Qe2 {[%emt 0:00:30]} Na5 {[%emt 0:00:30]} 19. b4 {[%emt 0:00:30]} cxb4 {[%emt 0:00:30]} 20. cxb4 {[%emt 0:00:30]} Nc6 {[%emt 0:00:30]} 21. Rc1 {[%emt 0:00:30]} Kb8 {[%emt 0:00:30]} 22. Bd2 {[%emt 0:00:30]} Qd7 {[%emt 0:00:30]} 23. a4 {[%emt 0:00:30]} Rc8 {[%emt 0:00:30]} 24. Rc2 {[%emt 0:00:30]} Qe7 {[%emt 0:00:30]} 25. Rb1 {[%emt 0:00:30]} Rc7 {[%emt 0:00:30]} 26. Bxc6 {[%emt 0:00:30]} Bxc6 {[%emt 0:00:30]} 27. b5 {[%emt 0:00:30]} Bd5 {[%emt 0:00:30]} 28. Bb4 {[%emt 0:00:30]} Rxc2 {[%emt 0:00:30]} 29. Qxc2 {[%emt 0:00:30]} Qd7 {[%emt 0:00:30]} 30. a5 {[%emt 0:00:30]} Rc8 {[%emt 0:00:30]} 31. Qb2 {[%emt 0:00:30]} Rc4 {[%emt 0:00:30]} 32. Bd6+ {[%emt 0:00:30]} Kc8 {[%emt 0:00:30]} 33. axb6 {[%emt 0:00:30]} axb6 {[%emt 0:00:30]} 34. Ra1 Kd8 {[%emt 0:00:30]} 35. h4 {[%emt 0:01:00]} g4 {[%emt 0:00:30]} 36. Kh2 {[%emt 0:00:30]} f5 {[%emt 0:00:30]} 37. Qf2 {[%emt 0:00:30]} Qxb5 {[%emt 0:00:30]} 38. Qf4 {[%emt 0:00:30]} Ra4 {[%emt 0:00:30]} 39. Qg5+ {[%emt 0:00:30]} Kc8 {[%emt 0:00:30]} 40. Qe7 {[%emt 0:00:30]} 1-0

[Event "BAN-chT SAIF POWERTEC 2020"]
[Site "Dhaka"]
[Date "2021.03.21"]
[Round "3.1"]
[White "Alam, Monjur"]
[Black "Mohammad Fahad, Rahman"]
[Result "0-1"]
[WhiteElo "1853"]
[BlackElo "2307"]
[Annotator "ChessBase"]
[PlyCount "112"]
[EventDate "2021.03.19"]
[EventType "team-tourn"]
[EventCountry "BAN"]
[SourceTitle "playchess.com"]
[Source "ChessBase"]
[SourceQuality "1"]
[WhiteTeam "Bangladesh"]
[BlackTeam "Bangladesh"]
[WhiteTeamCountry "BAN"]
[BlackTeamCountry "BAN"]
[TimeControl "5400+30"]

1. d4 {[%emt 0:00:00]} d5 {[%emt 0:00:00]} 2. c4 {[%emt 0:00:04]} c6 {[%emt 0:00:02]} 3. Nc3 {[%emt 0:00:24]} Nf6 {[%emt 0:00:16]} 4. Nf3 {[%emt 0:00:32]} e6 {[%emt 0:00:15]} 5. Bg5 {[%emt 0:00:20]} Nbd7 {[%emt 0:00:13]} 6. e3 {[%emt 0:01:47]} Qa5 {[%emt 0:00:17]} 7. Nd2 {[%emt 0:02:37]} Bb4 {[%emt 0:00:14]} 8. Qc2 {[%emt 0:02:52]} dxc4 {[%emt 0:00:08]} 9. Bxf6 {[%emt 0:00:38]} Nxf6 {[%emt 0:00:09]} 10. Bxc4 {[%emt 0:00:40]} e5 {[%emt 0:03:38]} 11. dxe5 {[%emt 0:05:16]} Qxe5 {[%emt 0:00:11]} 12. O-O {[%emt 0:13:31]} O-O {[%emt 0:03:05]} 13. Nf3 {[%emt 0:01:05]} Qh5 {[%emt 0:02:11]} 14. Ne2 {[%emt 0:06:22]} Bg4 {[%emt 0:12:23]} 15. Ng3 {[%emt 0:04:11]} Qa5 {[%emt 0:00:42]} 16. Be2 {[%emt 0:01:54]} Rad8 {[%emt 0:01:18]} 17. a3 {[%emt 0:03:20]} Bd6 {[%emt 0:01:11]} 18. Rfd1 {[%emt 0:01:47]} h5 {[%emt 0:05:18]} 19. Nd4 {[%emt 0:08:00]} g6 {[%emt 0:06:40]} 20. b4 {[%emt 0:16:46]} Qe5 {[%emt 0:11:03]} 21. Bf3 {[%emt 0:03:32]} Bc8 {[%emt 0:10:06]} 22. Nf1 {[%emt 0:05:24]} Ng4 {[%emt 0:02:17]} 23. Bxg4 {[%emt 0:01:05]} Bxg4 {[%emt 0:01:20]} 24. f3 {[%emt 0:00:17]} Bc8 {[%emt 0:00:24]} 25. Rd2 {[%emt 0:02:35]} a5 {[%emt 0:03:31]} 26. Qb3 {[%emt 0:02:45]} axb4 {[%emt 0:01:51]} 27. axb4 {[%emt 0:02:22]} Qe7 {[%emt 0:00:02]} 28. Rb1 {[%emt 0:00:50]} h4 {[%emt 0:01:07]} 29. Qc3 {[%emt 0:02:14]} Rfe8 {[%emt 0:00:56]} 30. Nc2 {[%emt 0:04:16]} Be5 {[%emt 0:01:00]} 31. Qc5 {[%emt 0:01:00]} Bd6 {[%emt 0:01:01]} 32. Qc3 {[%emt 0:00:03]} Be5 {[%emt 0:04:41]} 33. Qc5 {[%emt 0:00:24]} Rxd2 {[%emt 0:00:16]} 34. Nxd2 {[%emt 0:00:27]} Qc7 {[%emt 0:00:19]} 35. Nf1 {[%emt 0:00:46]} Rd8 {[%emt 0:00:11]} 36. b5 {[%emt 0:01:25]} Rd5 {[%emt 0:05:36]} 37. Qc4 {[%emt 0:01:45]} Rxb5 {[%emt 0:01:02]} 38. Rxb5 {[%emt 0:00:23]} cxb5 {[%emt 0:00:06]} 39. Qxb5 {[%emt 0:00:08]} h3 {[%emt 0:00:41]} 40. Nd4 {[%emt 0:01:05]} hxg2 {[%emt 0:00:23]} 41. Kxg2 {[%emt 0:00:19]} Bd7 {[%emt 0:03:32]} 42. Qd5 {[%emt 0:01:26]} b5 {[%emt 0:01:58]} 43. f4 {[%emt 0:00:57]} Bxd4 {[%emt 0:04:07]} 44. Qxd4 {[%emt 0:00:02]} Qc2+ {[%emt 0:00:09]} 45. Kg3 {[%emt 0:01:16]} Qf5 {[%emt 0:00:28]} 46. Nd2 {[%emt 0:01:11]} Qh3+ {[%emt 0:00:18]} 47. Kf2 {[%emt 0:00:14]} Qxh2+ {[%emt 0:00:30]} 48. Ke1 {[%emt 0:00:29]} Bg4 {[%emt 0:00:57]} 49. Qd3 {[%emt 0:00:34]} Qg3+ {[%emt 0:01:00]} 50. Kf1 {[%emt 0:00:07]} Bh3+ {[%emt 0:00:09]} 51. Ke2 {[%emt 0:00:13]} Qg4+ {[%emt 0:00:03]} 52. Ke1 {[%emt 0:00:20]} Qg1+ {[%emt 0:00:06]} 53. Nf1 {[%emt 0:00:51]} b4 {[%emt 0:00:16]} 54. Qd8+ {[%emt 0:00:13]} Kg7 {[%emt 0:00:07]} 55. Qd4+ {[%emt 0:00:13]} Kh7 {[%emt 0:00:11]} 56. Qc4 {[%emt 0:00:23]} Qxf1+ {[%emt 0:00:11]} 0-1

[Event "BAN-chT SAIF POWERTEC 2020"]
[Site "Dhaka"]
[Date "2021.03.21"]
[Round "3.2"]
[White "Ganguly, Surya Shekhar"]
[Black "Zia, Tahsin Tajwar"]
[Result "*"]
[WhiteElo "2635"]
[BlackElo "2092"]
[Annotator "TA"]
[PlyCount "54"]
[EventDate "2021.03.19"]
[EventType "team-tourn"]
[EventCountry "BAN"]
[SourceTitle "playchess.com"]
[Source "ChessBase"]
[SourceQuality "1"]
[WhiteTeam "India"]
[BlackTeam "Bangladesh"]
[WhiteTeamCountry "IND"]
[BlackTeamCountry "BAN"]

{[%evp 15,54,12,15,0,19,11,17,19,20,19,45,61,52,44,57,58,58,53,94,80,118,116,200,192,186,185,257,257,276,259,249,240,272,187,220,197,144,43,102,95,524]} 1. e4 e6 2. d4 d5 3. Nc3 Bb4 4. e5 c5 5. a3 Bxc3+ 6. bxc3 Qa5 7. Bd2 Qa4 8. Qg4 Kf8 9. h4 {outshines the older 9.Qd1. C18: French: 3 Nc3 Bb4: Main line: 7 h4 and 7 Qg4.} Nc6 10. h5 h6 11. Qf4 $5 {[%mdl 4] The position is equal. A promising side line.} Nge7 12. Rh3 c4 13. Rf3 {[%csl Gf3][%cal Rf4f7]} Nd8 14. Kd1 Ke8 15. g4 a5 {[#]} 16. Bh3 $146 ({Predecessor:} 16. Ne2 b5 17. Bh3 Rh7 18. Ra2 Ra7 19. Qg3 Ndc6 20. Nc1 Bd7 21. Re3 b4 22. axb4 {1-0 (45) Gierden,H (2294)-Jonsson,K (2331) ICCF email 2017}) 16... Rb8 17. Bc1 b5 {[#]} 18. Bb2 $1 Nec6 (18... Rb7 $16) 19. Ne2 $18 Kd7 20. g5 hxg5 (20... Kc7 $142 21. Rg3 hxg5 22. Rxg5 g6 23. hxg6 fxg6) 21. Qxg5 Kc7 22. Qxg7 Rxh5 23. Nf4 Rh4 24. Qf8 Kb7 25. Kd2 Ka8 {[#]} 26. Rg1 (26. Ng2 $1 $16 {[%cal Rg2h4]} Rh7 27. Ne3) 26... Ba6 ({Better is} 26... b4 $14 27. cxb4 axb4 28. axb4 Qxb4+ 29. Qxb4 Rxb4) 27. Qd6 $16 {[%cal Rf4e6] aiming for Nxe6!} Rh6 $2 {[%mdl 8192] Weighted Error Value: White=0.11/Black=0.20} (27... Bb7 $16) *

[Event "BAN-chT SAIF POWERTEC 2020"]
[Site "Dhaka"]
[Date "2021.03.21"]
[Round "3.3"]
[White "Mitrabha, Guha"]
[Black "Sadhwani, Raunak"]
[Result "1/2-1/2"]
[WhiteElo "2445"]
[BlackElo "2545"]
[Annotator "TA"]
[PlyCount "51"]
[EventDate "2021.03.19"]
[EventType "team-tourn"]
[EventCountry "BAN"]
[SourceTitle "playchess.com"]
[Source "ChessBase"]
[SourceQuality "1"]
[WhiteTeam "India"]
[BlackTeam "India"]
[WhiteTeamCountry "IND"]
[BlackTeamCountry "IND"]

{[%evp 13,51,27,25,8,19,8,18,11,21,-6,20,18,18,12,25,31,27,24,24,16,22,16,34,25,35,0,0,0,0,0,0,0,0,0,0,0,0,0,0,0]} 1. d4 d5 2. c4 c6 3. Nf3 Nf6 4. e3 Bg4 5. Nc3 e6 6. h3 Bxf3 7. Qxf3 Nbd7 8. Bd2 $1 {[%mdl 4] is currently scoring better than 8.Bd3. D11: Slav Defence: 3 Nf3 sidelines and 3...Nf6 4 e3 Bg4.} Bb4 9. Bd3 O-O 10. a3 Ba5 11. b4 {was the old line (11.0-0).} Bc7 12. cxd5 exd5 13. b5 Re8 14. O-O Nf8 15. Rfc1 Ne6 16. bxc6 bxc6 17. h4 c5 18. dxc5 d4 19. Ne4 {Hoping for Nxf6+.} dxe3 $1 {The position is equal.} 20. Nxf6+ ({But not} 20. Qxe3 Bh2+ $1 21. Kf1 Nf4 $17) 20... gxf6 21. Bc3 {Threatens to win with Be4.} (21. Qxe3 $2 {[#]} Ng5 $1 $17) 21... Qxd3 22. Qxf6 {[%csl Gc3][%cal Rf6h8] [#]} Kf8 $146 ({Predecessor:} 22... exf2+ 23. Kh1 Kf8 24. Qh8+ Ke7 25. Qf6+ Kf8 26. Qh6+ Kg8 27. Qf6 Kf8 28. Qh8+ {½-½ (28) Papin,V (2479)-Vysochin,S (2514) Lipetsk 2008}) 23. Qh8+ Ke7 24. Qf6+ Kf8 {Strongly threatening ...exf2+.} 25. Qh8+ Ke7 26. Qf6+ {Weighted Error Value: White=0.06/Black=0.03} 1/2-1/2

[Event "BAN-chT SAIF POWERTEC 2020"]
[Site "Dhaka"]
[Date "2021.03.21"]
[Round "3.4"]
[White "Rahman, Ziaur"]
[Black "Koustav Chatterjee"]
[Result "1/2-1/2"]
[WhiteElo "2419"]
[BlackElo "2431"]
[Annotator "TA"]
[PlyCount "130"]
[EventDate "2021.03.19"]
[EventType "team-tourn"]
[EventCountry "BAN"]
[SourceTitle "playchess.com"]
[Source "ChessBase"]
[SourceQuality "1"]
[WhiteTeam "Bangladesh"]
[BlackTeam "India"]
[WhiteTeamCountry "BAN"]
[BlackTeamCountry "IND"]

{[%evp 11,130,18,35,18,21,21,20,21,17,0,12,14,17,7,10,-13,1,0,14,0,0,0,0,0,-19,0,0,-34,-27,-65,-6,-75,-59,-102,-119,-116,-58,-153,-155,-176,-153,-160,-56,-57,-55,-106,0,0,-6,-8,-14,-44,-34,-73,-66,-97,-74,-88,-47,-54,-65,-64,-58,-92,-8,-8,-8,-8,-4,-7,-5,-6,0,-13,-15,-34,-34,-34,-34,-34,-26,-27,-38,-29,0,0,0,-8,0,0,0,0,0,0,0,0,0,0,0,0,0,0,0,0,0,0,0,0,0,0,0,0,0,0,0,0,0,0,0,0,0]} 1. Nf3 d5 2. g3 g6 3. Bg2 Bg7 4. d4 c6 5. O-O Nf6 6. b3 O-O 7. Bb2 {D02: 1 d4 d5 2 Nf3 sidelines, including 2...Nf6 3 g3 and 2...Nf6 3 Bf4.} a5 8. a4 Bf5 9. e3 {[#]} Na6 $146 ({Predecessor:} 9... Ne4 10. Qe2 Nd7 11. c4 Qb6 12. Nbd2 Ndf6 13. Rfc1 Bg4 14. Qd3 Bf5 15. Qe2 Bg4 16. cxd5 Nxd2 17. Qxd2 Nxd5 {1-0 (43) Ding,L (2791)-Anton Guijarro,D (2675) chess24.com INT 2020}) 10. Na3 Rc8 11. Qe2 Qb6 12. Rfc1 Rfd8 13. h3 c5 14. Nb5 Be4 15. Nd2 Bxg2 16. Kxg2 Qe6 17. Ba3 cxd4 18. Nxd4 Qd7 19. Qb5 e5 20. N4f3 Qc7 (20... Nb4 $1 $15 21. Ne1 (21. Nxe5 Qxb5 22. axb5 Ne4 $17) (21. Qxa5 Nxc2 22. Ra2 Nxa3 $17) (21. Bxb4 Qxb5 22. axb5 axb4 $15) 21... e4 22. Qxa5 Nc6) 21. Bb2 (21. c3 $11 {keeps the balance.}) 21... Ne8 22. Rab1 Nd6 23. Qe2 {[#]} (23. Qxd5 $2 Nb4 $19) 23... Re8 (23... e4 $1 $17 {[%cal Re4f3]} 24. Nd4 Nb4) 24. Ba3 {[#]} ({White should play} 24. c4 $15) 24... e4 $1 $17 {[%cal Re4f3]} 25. Ng1 Nf5 26. c3 Nc5 ({Of course not} 26... Bxc3 $6 27. Bb2 $11) ({Black should try} 26... Qd8 $17 27. Qe1 Bxc3) 27. Bxc5 $15 Qxc5 28. b4 (28. Qd1 $15) 28... Qa7 ({Better is} 28... axb4 $17 29. cxb4 Qe7) 29. Qb5 $11 axb4 30. Qxb4 Rc7 31. Nf1 Ra8 $36 {[%mdl 2048] Black fights for an advantage.} 32. Qb5 Ne7 ({Much worse is} 32... Bxc3 33. Qxd5 Qxa4 34. Ne2 $11) ({Reject} 32... Rxc3 $6 33. Rxc3 Bxc3 34. Qxd5 $14) 33. c4 d4 34. Ne2 Nf5 {[%cal Rd4e3]} (34... d3 {is more complex.} 35. Nf4 Qxa4 36. Nd2 f5 37. Ne6 Rc6) 35. exd4 Nxd4 36. Nxd4 Bxd4 37. Re1 Qxa4 (37... Bxf2 $17 38. Rxe4 Bc5) 38. Rxe4 Qxb5 39. Rxb5 Bc5 40. Rb2 f5 41. Ree2 Bd4 42. Rbc2 Rac8 43. Ne3 Bxe3 44. Rxe3 $15 {[%mdl 4096] Endgame KRR-KRR} b5 45. c5 Rxc5 46. Rxc5 Rxc5 {KR-KR} 47. Re7 $1 Rc3 48. Rb7 {The position is equal.} Rb3 49. g4 h6 50. gxf5 gxf5 51. h4 Rb1 (51... h5 {seems wilder.} 52. Re7 b4 53. Re5 Kf7 54. Rxf5+ Kg6) 52. h5 Rb4 53. Rb6 Kg7 54. Rg6+ Kh7 {aiming for ...Rg4+.} 55. Rf6 Rg4+ 56. Kf3 Rg5 57. Rb6 f4 58. Rb7+ Kg8 59. Kxf4 Rxh5 60. Ke4 Rc5 61. f4 h5 62. Kd4 Rf5 63. Ke4 Rc5 64. Kd4 Rf5 65. Ke4 Rc5 {Weighted Error Value: White=0.12/Black=0.13} 1/2-1/2